Law of Contract I & II (Record no. 18912)

MARC details
000 -LEADER
fixed length control field 00377nam a2200145Ia 4500
008 - FIXED-LENGTH DATA ELEMENTS--GENERAL INFORMATION
fixed length control field 221030s9999 xx 000 0 und d
020 ## - INTERNATIONAL STANDARD BOOK NUMBER
ISBN 9789386456755
041 ## - LANGUAGE CODE
Language code of text/sound track or separate title
100 ## - MAIN ENTRY--AUTHOR NAME
Personal name S. S. Srivastava
245 #0 - TITLE STATEMENT
Title Law of Contract I & II
Statement of responsibility, etc by S. S. Srivastava
260 ## - PUBLICATION, DISTRIBUTION, ETC. (IMPRINT)
Name of publisher Central Law Publications
Place of publication Prayagraj
Year of publication 2022
300 ## - PHYSICAL DESCRIPTION
Number of Pages 840
650 ## - SUBJECT ADDED ENTRY--TOPICAL TERM
Topical Term Contract
942 ## - ADDED ENTRY ELEMENTS (KOHA)
Koha item type Books
Holdings
Accession Number Cost, normal purchase price Bill Date Source of acquisition Price effective from Koha item type Withdrawn / writtenoff status Materials specified (bound volume or other part) Damaged status Not for loan Permanent Location Current Location Shelving location Date acquired Lost/ Missing status department
LLB 156 540.00 15 RKB 10/30/2022 Books   Print   Not For Loan MIET Library, Jammu MIET Library, Jammu BL-, FL-, CUP-181, SH-3, R-3 05/04/2022   BBA LLB
LLB 157 540.00 15 RKB 10/30/2022 Books   Print     MIET Library, Jammu MIET Library, Jammu BL-, FL-, CUP-178, SH-2, R-2 05/04/2022   BBA LLB